[Event "DEM U12/U12w 2009"]
[Site "Willingen GER"]
[Date "2009.06.01"]
[Round "4"]
[White "Damm, Nils"]
[Black "Nöttling, Dominik"]
[Result "1/2-1/2"]
[Termination "normal"]
[Board "25"]
[WhiteElo "1458"]
[BlackElo "1781"]
[PlyCount "117"]
[WhiteFideId "24693065"]
[BlackFideId "24672807"]
[EventCountry "GER"]
[EventRounds "11"]
[EventType "swiss"]
[EventDate "2009.05.30"]

1. e4 c5 2. Nc3 g6 3. Nf3 Nc6 4. d4 cxd4 5. Nxd4 Bg7 6. Be3 Nf6 7. Be2 d6 8.
Qd2 O-O 9. O-O-O Bd7 10. h4 h5 11. Kb1 a6 12. Bh6 b5 13. Bxg7 Kxg7 14. Nxc6
Bxc6 15. Nd5 Nxe4 16. Qd4+ Nf6 17. Nxf6 exf6 18. Qxd6 Qxd6 19. Rxd6 Bxg2 20.
Rg1 Rfe8 21. Bxh5 Bb7 22. Bxg6 fxg6 23. Rd7+ Kh6 24. Rxb7 Re2 25. h5 Rae8 26.
b3 gxh5 27. Rg2 R8e7 28. Rb8 Re8 29. Rb7 R2e6 30. Rbg7 f5 31. R7g3 h4 32. Rh3
Kh5 33. f4 Rg6 34. Rxg6 Kxg6 35. Rxh4 Re1+ 36. Kb2 Rg1 37. Rh2 Rf1 38. Rh4 Rf3
39. c4 b4 40. Kc2 Rf2+ 41. Kb1 Rg2 42. Rh3 Rf2 43. Rh4 a5 44. Ka1 a4 45. bxa4
Rc2 46. c5 Rxc5 47. Kb2 Rc3 48. Rh8 Rf3 49. a5 Ra3 50. Ra8 Kh5 51. Rb8 Rxa5 52.
Rxb4 Kg4 53. a4 Ra8 54. Kb3 Ra5 55. Rb5 Ra8 56. Rb4 Kf3 57. Ka3 Ke3 58. Kb3 Ra7
59. Ka3 1/2-1/2

[Event "DEM U12/U12w 2009"]
[Site "Willingen GER"]
[Date "2009.06.01"]
[Round "4"]
[White "Priese, Annika"]
[Black "Schmücker, Felix"]
[Result "0-1"]
[Termination "normal"]
[Board "26"]
[WhiteElo "1446"]
[BlackElo "1657"]
[PlyCount "32"]
[WhiteFideId "24673730"]
[BlackFideId "12900273"]
[EventCountry "GER"]
[EventRounds "11"]
[EventType "swiss"]
[EventDate "2009.05.30"]

1. e4 d5 2. exd5 Nf6 3. d4 Nxd5 4. Nf3 g6 5. c4 Nb6 6. b3 Bg7 7. Nc3 c5 8. Be3
Nc6 9. Ne2 cxd4 10. Nexd4 O-O 11. Rc1 Bg4 12. Be2 Bxf3 13. Nxf3 Qc7 14. O-O
Rfd8 15. Qc2 e5 16. Bd3 Nb4 0-1

[Event "DEM U12/U12w 2009"]
[Site "Willingen GER"]
[Date "2009.06.01"]
[Round "4"]
[White "Scheel, Henrik"]
[Black "Stolberg, Daniel"]
[Result "1-0"]
[Termination "normal"]
[Board "27"]
[WhiteElo "1626"]
[BlackElo "1412"]
[PlyCount "115"]
[WhiteFideId "24692115"]
[EventCountry "GER"]
[EventRounds "11"]
[EventType "swiss"]
[EventDate "2009.05.30"]

1. e4 c6 2. Nf3 g6 3. d4 Bg7 4. c3 d5 5. exd5 cxd5 6. Be2 Bg4 7. Bf4 Nc6 8.
Nbd2 e6 9. h3 Bxf3 10. Nxf3 Nge7 11. O-O O-O 12. Qd2 Nf5 13. Nh2 Nce7 14. Ng4
h5 15. Ne5 Nc6 16. Nxc6 bxc6 17. Bd3 Nd6 18. Qe2 Qe7 19. Rfe1 Nb7 20. Bc2 c5
21. dxc5 Nxc5 22. Qf3 Qb7 23. Rab1 Qa6 24. a3 Rac8 25. Qg3 Qb7 26. Qe3 Qb6 27.
Bh6 Nd7 28. Bxg7 Qxe3 29. Rxe3 Kxg7 30. f4 Nb6 31. Bd3 Nc4 32. Bxc4 Rxc4 33. g3
Rb8 34. Kf2 Ra4 35. Ree1 d4 36. cxd4 Rxd4 37. Ke3 Rbd8 38. Kf3 Rd3+ 39. Re3 Rd2
40. b4 R2d3 41. Rc1 R3d5 42. Rc7 R8d7 43. Rxd7 Rxd7 44. Rc3 Rd5 45. Ke3 g5 46.
Rc7 gxf4+ 47. gxf4 e5 48. Rxa7 exf4+ 49. Kxf4 Rd3 50. h4 Kg6 51. b5 Rh3 52. b6
Rxh4+ 53. Kg3 Rg4+ 54. Kf3 Rg5 55. Ra4 Rf5+ 56. Kg2 Rg5+ 57. Kh2 Kf6 58. b7 1-0

[Event "DEM U12/U12w 2009"]
[Site "Willingen GER"]
[Date "2009.06.01"]
[Round "4"]
[White "Michels, Kim"]
[Black "Kast, Joannis"]
[Result "0-1"]
[Termination "normal"]
[Board "28"]
[WhiteElo "1349"]
[BlackElo "1618"]
[PlyCount "158"]
[WhiteFideId "24690066"]
[BlackFideId "24698776"]
[EventCountry "GER"]
[EventRounds "11"]
[EventType "swiss"]
[EventDate "2009.05.30"]

1. e4 e5 2. Nf3 Nc6 3. Bc4 Bc5 4. c3 Nf6 5. d4 exd4 6. cxd4 Bb4+ 7. Nc3 Nxe4 8.
O-O Bxc3 9. d5 Bf6 10. Re1 Ne7 11. Rxe4 d6 12. Bg5 Bxg5 13. Nxg5 O-O 14. Nxh7
Bf5 15. Rh4 Ng6 16. Rh5 Qc8 17. h3 Re8 18. Rc1 Ne5 19. Ng5 Bg6 20. Rh4 Qd8 21.
Qd2 Nxc4 22. Rhxc4 Re7 23. Nf3 Rc8 24. Qd4 a6 25. Qc3 Rd7 26. Rg4 Qf6 27. Qb3
Rb8 28. Re1 Re7 29. Rxe7 Qxe7 30. Qc3 Kh7 31. h4 f6 32. Qc1 Bh5 33. Qc2+ Kh8
34. Re4 Qf7 35. Rf4 Bxf3 36. Rxf3 Rc8 37. Qf5 Re8 38. Qd3 Kg8 39. Qf5 Qe7 40.
Re3 Qf7 41. Rg3 Kf8 42. Qh7 Re5 43. Qh8+ Qg8 44. Qxg8+ Kxg8 45. Rb3 b6 46. Rd3
Re1+ 47. Kh2 Re2 48. Kg3 Rxb2 49. a3 Re2 50. Rc3 Re7 51. Kf4 Kf7 52. Kg4 Kf8
53. f4 Ke8 54. Kf5 Kd7 55. h5 b5 56. h6 gxh6 57. Kxf6 a5 58. Kg6 Re2 59. g3 Rd2
60. Kxh6 Rxd5 61. g4 b4 62. axb4 axb4 63. Re3 Rd4 64. Kg5 c5 65. f5 c4 66. f6
Rd5+ 67. Kg6 b3 68. f7 b2 69. Re1 Re5 70. Rb1 Re6+ 71. Kg7 c3 72. f8=Q c2 73.
Qf7+ Re7 74. Qxe7+ Kxe7 75. Rxb2 c1=Q 76. Rb7+ Ke6 77. Kg6 Qf4 78. Kh5 Kf6 79.
Rb5 Qh2# 0-1

[Event "DEM U12/U12w 2009"]
[Site "Willingen GER"]
[Date "2009.06.01"]
[Round "4"]
[White "Lieber, Carl"]
[Black "Schwarz, Larissa"]
[Result "1-0"]
[Termination "normal"]
[Board "29"]
[WhiteElo "1587"]
[BlackElo "1403"]
[PlyCount "73"]
[BlackFideId "24699004"]
[EventCountry "GER"]
[EventRounds "11"]
[EventType "swiss"]
[EventDate "2009.05.30"]

1. e4 c5 2. Nf3 e6 3. d4 cxd4 4. Nxd4 a6 5. Nc3 Qc7 6. Bd3 b5 7. Qe2 Bc5 8. Nb3
Bb6 9. O-O Bb7 10. Bd2 Nf6 11. Kh1 O-O 12. e5 Nd5 13. Rae1 d6 14. Nxd5 Bxd5 15.
f4 Nd7 16. a3 Bxb3 17. cxb3 Bd4 18. Qe4 f5 19. Qxd4 dxe5 20. fxe5 Rfd8 21. Qd6
Qxd6 22. exd6 Nc5 23. Bc2 Rxd6 24. Bb4 Rc6 25. Bxc5 Rxc5 26. Bb1 Kf7 27. g4 g6
28. gxf5 exf5 29. b4 Rcc8 30. Ba2+ Kf6 31. Re6+ Kg5 32. Re7 h5 33. Rg1+ Kh6 34.
Re6 Rc2 35. Rgxg6+ Kh7 36. Rh6+ Kg7 37. Reg6+ 1-0

[Event "DEM U12/U12w 2009"]
[Site "Willingen GER"]
[Date "2009.06.01"]
[Round "4"]
[White "Hümmecke, Aaron"]
[Black "Herbrig, Marie-Helen"]
[Result "1-0"]
[Termination "normal"]
[Board "30"]
[WhiteElo "1578"]
[BlackElo "1248"]
[PlyCount "43"]
[WhiteFideId "24692522"]
[BlackFideId "12900427"]
[EventCountry "GER"]
[EventRounds "11"]
[EventType "swiss"]
[EventDate "2009.05.30"]

1. e4 c5 2. c3 e6 3. d4 Nc6 4. Nf3 Qc7 5. Na3 a6 6. Be3 d6 7. Bd3 Nf6 8. O-O
Be7 9. Nd2 b5 10. f4 O-O 11. e5 Nd5 12. Qf3 Nxe3 13. Qxe3 Bb7 14. Ne4 dxe5 15.
fxe5 cxd4 16. cxd4 Rad8 17. Qh3 h6 18. Nf6+ Kh8 19. Nh7 Rfe8 20. Rxf7 Nxd4 21.
Nf6 Rf8 22. Qxh6+ 1-0

[Event "DEM U12/U12w 2009"]
[Site "Willingen GER"]
[Date "2009.06.01"]
[Round "4"]
[White "Faden, Maximilian"]
[Black "Myagkov, Kirill"]
[Result "0-1"]
[Termination "normal"]
[Board "31"]
[WhiteElo "1325"]
[BlackElo "1551"]
[PlyCount "86"]
[BlackFideId "24657042"]
[EventCountry "GER"]
[EventRounds "11"]
[EventType "swiss"]
[EventDate "2009.05.30"]

1. d4 d5 2. c4 e6 3. Nc3 Nf6 4. Nf3 Be7 5. e3 O-O 6. Qc2 Nc6 7. Bd3 Nb4 8. Qe2
Nxd3+ 9. Qxd3 b6 10. cxd5 Nxd5 11. O-O Nb4 12. Qe4 Ba6 13. Rd1 Rb8 14. Qg4 Bd3
15. a3 Bf5 16. Qg3 Nd5 17. Bd2 Nf6 18. Rac1 Nh5 19. Qe5 a6 20. Ne4 Bd6 21. Nxd6
cxd6 22. Bb4 dxe5 23. dxe5 Qe8 24. Bxf8 Qxf8 25. h3 Be4 26. Ng5 Bd5 27. e4 Bb3
28. Rd3 Ba4 29. b3 Bb5 30. Rdc3 h6 31. Nf3 Nf4 32. Nd4 Rd8 33. Nxb5 Ne2+ 34.
Kh2 Nxc1 35. Nd6 Rxd6 36. exd6 Qxd6+ 37. g3 Qd2 38. Rc8+ Kh7 39. Kg2 Nd3 40. h4
Qxf2+ 41. Kh3 Ne5 42. b4 Qf1+ 43. Kh2 Nf3# 0-1

[Event "DEM U12/U12w 2009"]
[Site "Willingen GER"]
[Date "2009.06.01"]
[Round "4"]
[White "Cech, Tim"]
[Black "Töws, Manuel"]
[Result "0-1"]
[Termination "normal"]
[Board "32"]
[WhiteElo "1410"]
[BlackElo "1863"]
[PlyCount "74"]
[WhiteFideId "1270258"]
[BlackFideId "24654485"]
[EventCountry "GER"]
[EventRounds "11"]
[EventType "swiss"]
[EventDate "2009.05.30"]

1. e4 c5 2. Nf3 d6 3. d4 cxd4 4. Nxd4 Nf6 5. Nc3 a6 6. Bc4 e6 7. Nf3 b5 8. Bb3
b4 9. Ne2 Nxe4 10. O-O d5 11. a3 bxa3 12. bxa3 Bc5 13. Bf4 O-O 14. Rb1 Nc6 15.
Qd3 a5 16. c4 Ba6 17. Qc2 Ne7 18. Rbd1 Rc8 19. Qb1 Qb6 20. Ng5 Nxg5 21. Bxg5 f6
22. Bd2 dxc4 23. Ba2 Qxb1 24. Rxb1 Bxa3 25. Bxa5 Nd5 26. Nc3 Rc5 27. Nxd5 exd5
28. Bc3 Rc6 29. Rfd1 Rd8 30. Rd2 Kf8 31. Rbd1 Rcd6 32. Kf1 Bc5 33. Bd4 c3+ 34.
Rd3 Bxd4 35. Ke1 Bxd3 36. Rxd3 c2 37. Kd2 Rc8 0-1

[Event "DEM U12/U12w 2009"]
[Site "Willingen GER"]
[Date "2009.06.01"]
[Round "4"]
[White "Knopf, Felix"]
[Black "Ismail, Nabil"]
[Result "1/2-1/2"]
[Termination "normal"]
[Board "33"]
[WhiteElo "1741"]
[BlackElo "1400"]
[PlyCount "98"]
[WhiteFideId "24692204"]
[EventCountry "GER"]
[EventRounds "11"]
[EventType "swiss"]
[EventDate "2009.05.30"]

1. d4 d5 2. c4 c6 3. Nc3 Nf6 4. Nf3 e6 5. cxd5 cxd5 6. Bg5 Nbd7 7. e3 Bb4 8.
Rc1 Qa5 9. Qb3 Ne4 10. Bd3 Ndf6 11. O-O O-O 12. Bf4 Bxc3 13. bxc3 Qd8 14. c4 b6
15. cxd5 exd5 16. Bb5 Bg4 17. Qb4 a5 18. Qb2 Bxf3 19. gxf3 Nd6 20. a4 Kh8 21.
Rc6 Nf5 22. Be2 Nh5 23. Bg3 Nh4 24. f4 Qd7 25. Rxb6 Qh3 26. Bxh4 Qxh4 27. Bxh5
Qxh5 28. f3 Rg8 29. Kh1 g5 30. fxg5 Qxg5 31. Rb3 Rae8 32. Qf2 h5 33. Rg1 Qf5
34. Rxg8+ Rxg8 35. Rb2 Qd7 36. Ra2 Qc6 37. Ra1 Qc3 38. Qe1 Qc2 39. Qf1 Qb2 40.
Re1 Qa2 41. Qh3 Rg6 42. Qxh5+ Kg8 43. Rg1 Rxg1+ 44. Kxg1 Qxa4 45. Qxd5 Qd1+ 46.
Kf2 Qc2+ 47. Kg3 Qg6+ 48. Kf2 Qc2+ 49. Kg3 Qg6+ 1/2-1/2

[Event "DEM U12/U12w 2009"]
[Site "Willingen GER"]
[Date "2009.06.01"]
[Round "4"]
[White "Hecht, Carsten"]
[Black "Nitzsche, Pia"]
[Result "1/2-1/2"]
[Termination "normal"]
[Board "35"]
[WhiteElo "1605"]
[BlackElo "1350"]
[PlyCount "30"]
[WhiteFideId "24693928"]
[BlackFideId "12900370"]
[EventCountry "GER"]
[EventRounds "11"]
[EventType "swiss"]
[EventDate "2009.05.30"]

1. d4 Nf6 2. c4 d6 3. Nc3 g6 4. e4 Bg7 5. f4 O-O 6. Nf3 Bg4 7. Be2 Bxf3 8. Bxf3
Nfd7 9. O-O c5 10. d5 Nb6 11. Qc2 N8d7 12. Be3 Rb8 13. Rab1 Nc8 14. Qd3 a6 15.
Be2 Na7 1/2-1/2

[Event "DEM U12/U12w 2009"]
[Site "Willingen GER"]
[Date "2009.06.01"]
[Round "4"]
[White "Gabriel, Liem Thanh"]
[Black "Jermann, Isabel"]
[Result "1/2-1/2"]
[Termination "normal"]
[Board "36"]
[WhiteElo "1798"]
[BlackElo "1328"]
[PlyCount "87"]
[WhiteFideId "24696005"]
[EventCountry "GER"]
[EventRounds "11"]
[EventType "swiss"]
[EventDate "2009.05.30"]

1. e4 c6 2. d4 d5 3. Nc3 dxe4 4. Nxe4 Nf6 5. Ng3 g6 6. Nf3 Bg7 7. Be2 O-O 8.
O-O Be6 9. Bf4 Nbd7 10. Qd2 Re8 11. b3 Nd5 12. Rad1 Nxf4 13. Qxf4 Nf6 14. c4
Qa5 15. Qd2 Qxd2 16. Rxd2 a6 17. Ne5 Red8 18. Rdd1 Nd7 19. f4 Nxe5 20. dxe5 Bh6
21. Bd3 Rd7 22. f5 gxf5 23. Bxf5 Rad8 24. Rxd7 Rxd7 25. Bxe6 fxe6 26. Re1 Rd2
27. Re2 Rxe2 28. Nxe2 Bg7 29. Kf2 Bxe5 30. Ke3 Kf7 31. g3 Kf6 32. Ke4 Bd6 33.
Ng1 Kg5 34. Kf3 h5 35. Ne2 c5 36. h4+ Kf5 37. Nc3 Be5 38. Ne4 Bd4 39. Nd2 Be5
40. Ne4 Bd4 41. Nd2 Be5 42. Ne4 b6 43. a4 Bd4 44. Nd2 1/2-1/2

[Event "DEM U12/U12w 2009"]
[Site "Willingen GER"]
[Date "2009.06.01"]
[Round "4"]
[White "Oehne, Timo"]
[Black "Bosse, Lea"]
[Result "1-0"]
[Termination "normal"]
[Board "37"]
[WhiteElo "1551"]
[BlackElo "1254"]
[PlyCount "103"]
[WhiteFideId "24661635"]
[BlackFideId "12900419"]
[EventCountry "GER"]
[EventRounds "11"]
[EventType "swiss"]
[EventDate "2009.05.30"]

1. d4 Nf6 2. c4 e6 3. Nc3 Bb4 4. Nf3 c5 5. e3 b6 6. a3 Bxc3+ 7. bxc3 d6 8. Bd3
Nbd7 9. O-O O-O 10. e4 Bb7 11. d5 e5 12. Bg5 h6 13. Bh4 Re8 14. Nd2 Nf8 15. f4
Ng6 16. fxe5 Nxh4 17. exf6 gxf6 18. Qg4+ Ng6 19. Rf2 Kh8 20. Qh5 Kg7 21. Raf1
Qe7 22. Qg4 Bc8 23. Qg3 Qe5 24. Qxe5 Nxe5 25. Bc2 Nd7 26. Ba4 Re7 27. Bxd7 Bxd7
28. Rxf6 Bg4 29. Rxd6 Be2 30. Re1 Bd3 31. Kf2 Rae8 32. Kf3 f5 33. e5 Rxe5 34.
Rxe5 Rxe5 35. Rd7+ Kg6 36. Kf4 Re2 37. Nf3 Kf6 38. Rd6+ Ke7 39. Rxh6 Rxg2 40.
Re6+ Kd8 41. Ne5 Bf1 42. Kxf5 Rxh2 43. Rf6 Rh3 44. Ke6 Rxc3 45. Rxf1 Rxa3 46.
Kd6 Kc8 47. Kc6 Kd8 48. d6 Ke8 49. d7+ Kd8 50. Rf8+ Ke7 51. d8=Q+ Ke6 52. Qe8#
1-0

[Event "DEM U12/U12w 2009"]
[Site "Willingen GER"]
[Date "2009.06.01"]
[Round "4"]
[White "Wendland, Tobias"]
[Black "Oltmanns, Bianca"]
[Result "1-0"]
[Termination "normal"]
[Board "38"]
[WhiteElo "1622"]
[BlackElo "1234"]
[PlyCount "83"]
[WhiteFideId "24662267"]
[BlackFideId "24698008"]
[EventCountry "GER"]
[EventRounds "11"]
[EventType "swiss"]
[EventDate "2009.05.30"]

1. d4 f5 2. Bg5 h6 3. Bh4 d6 4. e3 g5 5. Bg3 Nf6 6. Bc4 e6 7. Nc3 Bd7 8. h4 Bg7
9. Nf3 g4 10. Ng1 Nc6 11. Nge2 Qe7 12. Nf4 Qf7 13. Qe2 O-O-O 14. O-O Qe8 15.
Rfb1 e5 16. Ncd5 Nxd5 17. Nxd5 exd4 18. Bf4 dxe3 19. Nxe3 Nd4 20. Qd2 Qe4 21.
Bh2 Bc6 22. Bd3 Qe6 23. c3 Nb5 24. Bxf5 Qxf5 25. Nxf5 Be5 26. a4 Nxc3 27. bxc3
h5 28. Ne7+ Kd7 29. Nxc6 Kxc6 30. c4 Bxa1 31. Qd5+ Kd7 32. Rxa1 Kc8 33. Rb1 c6
34. Qe6+ Kc7 35. c5 g3 36. Bxg3 b6 37. Bxd6+ Rxd6 38. Qxd6+ Kb7 39. Qd7+ Kb8
40. cxb6 axb6 41. Rxb6+ Ka8 42. Qb7# 1-0

[Event "DEM U12/U12w 2009"]
[Site "Willingen GER"]
[Date "2009.06.01"]
[Round "4"]
[White "Behr, Jessica"]
[Black "Lagunow, Elina"]
[Result "0-1"]
[Termination "normal"]
[Board "39"]
[WhiteElo "1053"]
[BlackElo "1726"]
[PlyCount "116"]
[BlackFideId "4673387"]
[EventCountry "GER"]
[EventRounds "11"]
[EventType "swiss"]
[EventDate "2009.05.30"]

1. e4 c5 2. Nf3 Nc6 3. d4 cxd4 4. Nxd4 g6 5. Nc3 Bg7 6. Be3 Nf6 7. f3 O-O 8.
Bc4 Qb6 9. Bb3 Nxe4 10. Qd3 Nxd4 11. Qxe4 Qb4 12. a3 d5 13. Qxd5 Qd6 14. O-O-O
Nxb3+ 15. Qxb3 Qe5 16. Bd4 Qf4+ 17. Kb1 e5 18. Bc5 Be6 19. Nd5 Bxd5 20. Qxd5
Rfc8 21. Qxb7 e4 22. Bd4 Rcb8 23. Qd5 Rd8 24. Qc4 e3 25. c3 Rac8 26. Qa4 e2 27.
Rd3 Qf5 28. Qa6 Bxd4 29. g4 Qc5 30. Rc1 Bf2 31. Rxd8+ Rxd8 32. Qxe2 Qe3 33.
Qxe3 Bxe3 34. c4 Bxc1 35. Kxc1 Rd3 36. c5 Rxf3 37. c6 Rf6 38. b4 Rxc6+ 39. Kb2
f5 40. gxf5 gxf5 41. b5 Rb6 42. a4 a6 43. Kb3 axb5 44. a5 Ra6 45. Kb4 f4 46.
Kxb5 Rxa5+ 47. Kxa5 f3 48. h4 f2 49. h5 f1=Q 50. h6 Qc4 51. Kb6 Kf7 52. Ka5 Qb3
53. Ka6 Qb4 54. Ka7 Qb5 55. Ka8 Ke7 56. Ka7 Kd7 57. Ka8 Kc7 58. Ka7 Qb7# 0-1

[Event "DEM U12/U12w 2009"]
[Site "Willingen GER"]
[Date "2009.06.01"]
[Round "4"]
[White "Eichstaedt, Mirko"]
[Black "Diederichs, Luise"]
[Result "1/2-1/2"]
[Termination "normal"]
[Board "40"]
[WhiteElo "1450"]
[BlackElo "1209"]
[PlyCount "48"]
[WhiteFideId "24692310"]
[BlackFideId "24661597"]
[EventCountry "GER"]
[EventRounds "11"]
[EventType "swiss"]
[EventDate "2009.05.30"]

1. c4 e6 2. Nc3 d5 3. cxd5 exd5 4. g3 Nf6 5. Bg2 Nc6 6. d4 Bf5 7. Bg5 Be6 8.
Qb3 Bb4 9. Nf3 h6 10. Bd2 a5 11. a3 Bxc3 12. bxc3 b6 13. O-O O-O 14. e3 Qd6 15.
Rfc1 Rfb8 16. a4 Ne7 17. Ne5 c5 18. Rab1 c4 19. Qa2 Ra7 20. Rc2 Bf5 21. e4 Nxe4
22. Bf4 Qd8 23. Rcc1 Rab7 24. g4 Bh7 1/2-1/2

[Event "DEM U12/U12w 2009"]
[Site "Willingen GER"]
[Date "2009.06.01"]
[Round "4"]
[White "Herbst, Timothy"]
[Black "Böhme, Mathis"]
[Result "1-0"]
[Termination "normal"]
[Board "41"]
[WhiteElo "1416"]
[BlackElo "1190"]
[PlyCount "121"]
[WhiteFideId "12900346"]
[BlackFideId "12900443"]
[EventCountry "GER"]
[EventRounds "11"]
[EventType "swiss"]
[EventDate "2009.05.30"]

1. e4 d5 2. exd5 Nf6 3. Bb5+ c6 4. dxc6 Nxc6 5. Nc3 e5 6. d3 Bb4 7. Bd2 O-O 8.
f3 Qb6 9. Bc4 Nd4 10. Nge2 Bf5 11. Nxd4 exd4 12. Na4 Bxd2+ 13. Qxd2 Rfe8+ 14.
Kf1 Qc6 15. Qb4 Rab8 16. Bb5 Qxc2 17. Qb3 Qe2+ 18. Kg1 a6 19. Bc4 Kh8 20. Nc5
b6 21. Ne4 Qe3+ 22. Kf1 Bxe4 23. dxe4 Qf4 24. g3 Qd6 25. Rd1 Red8 26. Kg2 b5
27. Bd3 Rd7 28. Rhe1 Qe7 29. Rc1 Rbd8 30. Re2 Rc7 31. Rec2 Rxc2+ 32. Qxc2 h6
33. Qc7 Qe8 34. Qc6 Qe6 35. Qxe6 fxe6 36. Rc6 e5 37. Rxa6 g5 38. Rxf6 Kg7 39.
Rb6 h5 40. Rxb5 Kf6 41. Rb6+ Kf7 42. Bc4+ Kg7 43. Re6 d3 44. Bb3 d2 45. Bd1 Rb8
46. b3 Ra8 47. a4 Rc8 48. Rd6 g4 49. Rxd2 gxf3+ 50. Bxf3 Kg6 51. Rb2 Kg5 52.
h4+ Kg6 53. b4 Kf6 54. a5 Ke6 55. b5 Kd6 56. a6 Kc7 57. Rc2+ Kb8 58. Rxc8+ Kxc8
59. b6 Kb8 60. Bxh5 Ka8 61. Bf7 1-0

[Event "DEM U12/U12w 2009"]
[Site "Willingen GER"]
[Date "2009.06.01"]
[Round "4"]
[White "Koch, Elisabeth"]
[Black "Srokovskiy, Andrea"]
[Result "0-1"]
[Termination "normal"]
[Board "42"]
[WhiteElo "1301"]
[BlackElo "1809"]
[PlyCount "78"]
[WhiteFideId "24695068"]
[BlackFideId "4624947"]
[EventCountry "GER"]
[EventRounds "11"]
[EventType "swiss"]
[EventDate "2009.05.30"]

1. e4 c5 2. Nf3 e6 3. d4 cxd4 4. Nxd4 Nf6 5. Nc3 a6 6. Be3 d6 7. Be2 Nbd7 8.
O-O b5 9. a3 Bb7 10. Qd3 Nc5 11. Qd1 Ncxe4 12. Nxe4 Bxe4 13. f4 Qc7 14. c3 Be7
15. f5 e5 16. Nf3 Bxf5 17. Ng5 Bg6 18. Bd3 e4 19. Bc2 h6 20. Nh3 O-O 21. Nf4
Bh7 22. Nd5 Qd8 23. Rf4 Nxd5 24. Qxd5 Bg5 25. Raf1 Bxf4 26. Rxf4 Qd7 27. Bxe4
Bxe4 28. Qxe4 Rae8 29. Qf3 Qe7 30. Bd2 Qe2 31. Qxe2 Rxe2 32. Bc1 Re1+ 33. Rf1
Rfe8 34. Kf2 R8e2+ 35. Kg1 Rxf1+ 36. Kxf1 Rc2 37. Bf4 d5 38. Ke1 Rxb2 39. Bd6
Rxg2 0-1

[Event "DEM U12/U12w 2009"]
[Site "Willingen GER"]
[Date "2009.06.01"]
[Round "4"]
[White "Rahimi, Anita"]
[Black "Fell, Fabian"]
[Result "1/2-1/2"]
[Termination "normal"]
[Board "43"]
[WhiteElo "1290"]
[BlackElo "1488"]
[PlyCount "66"]
[WhiteFideId "24692336"]
[BlackFideId "24698873"]
[EventCountry "GER"]
[EventRounds "11"]
[EventType "swiss"]
[EventDate "2009.05.30"]

1. d4 d5 2. Bf4 Nc6 3. e3 Bf5 4. Nf3 e6 5. c3 Nf6 6. h3 Bd6 7. Ne5 Bxe5 8. Bxe5
Nxe5 9. dxe5 Nd7 10. f4 Qh4+ 11. Kd2 Qg3 12. Qf3 Nc5 13. Qxg3 Ne4+ 14. Ke1 Nxg3
15. Rg1 h5 16. h4 O-O-O 17. Nd2 c5 18. Kf2 Nxf1 19. Rgxf1 Bd3 20. Rfe1 c4 21.
Nf3 Rd7 22. Nd4 a6 23. b4 Kc7 24. a4 b6 25. g3 Re8 26. Rg1 f6 27. exf6 gxf6 28.
g4 hxg4 29. Rxg4 e5 30. Nf3 exf4 31. Rxf4 Rde7 32. Rxf6 Rxe3 33. Rf7+ Kb8
1/2-1/2

[Event "DEM U12/U12w 2009"]
[Site "Willingen GER"]
[Date "2009.06.01"]
[Round "4"]
[White "Mehling, Katharina"]
[Black "Müller, Max"]
[Result "1-0"]
[Termination "normal"]
[Board "44"]
[WhiteElo "1352"]
[BlackElo "962"]
[PlyCount "45"]
[WhiteFideId "12900362"]
[BlackFideId "12900486"]
[EventCountry "GER"]
[EventRounds "11"]
[EventType "swiss"]
[EventDate "2009.05.30"]

1. e4 e5 2. Nf3 Nc6 3. d4 exd4 4. Nxd4 Nf6 5. Nc3 Bb4 6. Nxc6 bxc6 7. Bd3 O-O
8. O-O Re8 9. Bg5 h6 10. Bh4 d6 11. f4 Bc5+ 12. Kh1 d5 13. e5 d4 14. Ne4 Be7
15. exf6 gxf6 16. Qh5 Bf8 17. Nxf6+ Kg7 18. Nxe8+ Qxe8 19. Rf3 Bb7 20. Rg3+ Kh8
21. Bf6+ Bg7 22. Qxh6+ Kg8 23. Qxg7# 1-0

[Event "DEM U12/U12w 2009"]
[Site "Willingen GER"]
[Date "2009.06.01"]
[Round "4"]
[White "Fuchs, Linda"]
[Black "Weber, Sandra"]
[Result "1/2-1/2"]
[Termination "normal"]
[Board "45"]
[WhiteElo "1202"]
[BlackElo "1315"]
[PlyCount "50"]
[WhiteFideId "12900435"]
[BlackFideId "1270049"]
[EventCountry "GER"]
[EventRounds "11"]
[EventType "swiss"]
[EventDate "2009.05.30"]

1. e4 e5 2. Nf3 Nc6 3. Bc4 Bc5 4. c3 Nf6 5. d4 exd4 6. cxd4 Bb6 7. e5 Ng8 8.
O-O d6 9. Nc3 Nge7 10. Bg5 O-O 11. h3 dxe5 12. dxe5 Qxd1 13. Raxd1 Ng6 14. Rfe1
Re8 15. Bb5 h6 16. Bh4 Nxh4 17. Nxh4 Rxe5 18. Bxc6 Rxe1+ 19. Rxe1 bxc6 20. Nf3
Be6 21. Rd1 Rb8 22. a3 c5 23. Ne5 Re8 24. Nf3 Bb3 25. Rd7 Be6 1/2-1/2

[Event "DEM U12/U12w 2009"]
[Site "Willingen GER"]
[Date "2009.06.01"]
[Round "4"]
[White "Paliy, Margaryta"]
[Black "Gaßmann, Linda"]
[Result "1-0"]
[Termination "normal"]
[Board "46"]
[WhiteElo "1047"]
[BlackElo "1143"]
[PlyCount "96"]
[WhiteFideId "24692417"]
[BlackFideId "12900451"]
[EventCountry "GER"]
[EventRounds "11"]
[EventType "swiss"]
[EventDate "2009.05.30"]

1. e4 e5 2. Nf3 Nc6 3. Nc3 Bb4 4. Bb5 d6 5. d3 Nf6 6. O-O Bg4 7. h3 Bh5 8. Bg5
O-O 9. Nd5 a6 10. Bxc6 bxc6 11. Nxb4 c5 12. Nd5 c6 13. Bxf6 gxf6 14. Ne3 h6 15.
Nf5 Kh8 16. Nxh6 f5 17. Nxf5 Qf6 18. Re1 Rg8 19. g4 Rae8 20. Kf1 Bg6 21. a4
Bxf5 22. exf5 Qh6 23. Ng1 Kg7 24. Qf3 Rc8 25. a5 f6 26. Ra3 Qd2 27. Re2 Qc1+
28. Kg2 Qxb2 29. Rb3 Qa2 30. Rb6 Qa4 31. Rxa6 Qb5 32. Ra7+ Kh8 33. Rf7 Rcf8 34.
Rxf8 Rxf8 35. c4 Qxa5 36. Qxc6 Qa8 37. Qxa8 Rxa8 38. Rb2 Ra7 39. Rb8+ Kg7 40.
Rb6 Rd7 41. Ne2 d5 42. cxd5 Rxd5 43. Rb5 Rxd3 44. Rxc5 Kh6 45. Rc6 Kg5 46. Ng3
Rb3 47. Ne4+ Kf4 48. Nxf6 Rb4 1-0

[Event "DEM U12/U12w 2009"]
[Site "Willingen GER"]
[Date "2009.06.01"]
[Round "4"]
[White "Sadjjadi, Anahita"]
[Black "Edel, Fenja"]
[Result "0-1"]
[Termination "normal"]
[Board "47"]
[WhiteElo "1010"]
[BlackElo "1142"]
[PlyCount "63"]
[BlackFideId "24696749"]
[EventCountry "GER"]
[EventRounds "11"]
[EventType "swiss"]
[EventDate "2009.05.30"]

1. e4 e6 2. Nf3 d5 3. Bd3 Nf6 4. Nc3 c5 5. b3 Nc6 6. Bb2 Be7 7. O-O Qc7 8. Nb5
Qb6 9. e5 Nd7 10. h3 a6 11. Nd6+ Bxd6 12. exd6 f6 13. a4 Nb4 14. Be2 Qxd6 15.
Ba3 Nc6 16. d4 O-O 17. Qd2 e5 18. c3 Re8 19. Nh4 exd4 20. cxd4 Nxd4 21. Bg4
Nxb3 22. Qb2 Nxa1 23. Qxa1 d4 24. Nf5 Qe5 25. Bb2 Nb6 26. a5 Bxf5 27. Qa2+ Kh8
28. Bxf5 Qxf5 29. axb6 Re2 30. Qb3 Qc2 31. Qxc2 Rxc2 32. Ba3 0-1

[Event "DEM U12/U12w 2009"]
[Site "Willingen GER"]
[Date "2009.06.01"]
[Round "4"]
[White "Genath, Maren"]
[Black "Velkina, Elina"]
[Result "1-0"]
[Termination "normal"]
[Board "48"]
[WhiteElo "924"]
[BlackElo "1113"]
[PlyCount "75"]
[BlackFideId "1271679"]
[EventCountry "GER"]
[EventRounds "11"]
[EventType "swiss"]
[EventDate "2009.05.30"]

1. e4 e5 2. Nf3 Nc6 3. Bc4 Nf6 4. Nc3 Nxe4 5. Nxe4 d5 6. Bd3 dxe4 7. Bxe4 f5 8.
Bxc6+ bxc6 9. Nxe5 Qe7 10. d4 c5 11. O-O cxd4 12. Qxd4 Qc5 13. Qa4+ c6 14. Nxc6
Bd7 15. Re1+ Kf7 16. Qb3+ Kf6 17. Ne5 Be6 18. Qb7 Bd5 19. Qxa8 Bxa8 20. Nd7+
Kf7 21. Nxc5 Bxc5 22. Be3 Bb4 23. c3 Bd6 24. Rad1 Be7 25. Bxa7 Re8 26. Rd7 g6
27. Bc5 Kf6 28. Bxe7+ Rxe7 29. Rexe7 Bc6 30. Rd6+ Kxe7 31. Rxc6 Kf8 32. a4 Ke8
33. a5 Kd7 34. Rb6 Kc7 35. Rb3 Kc6 36. a6 Kc5 37. a7 Kc4 38. Rb4+ 1-0